| 000 | 00860nam a2200205 a 4500 | ||
|---|---|---|---|
| 001 | 000005057 | ||
| 005 | 20200929151552.0 | ||
| 008 | 090729s1982 dr a 000 0 spa d | ||
| 040 |
_aDO-SdBNP _bspa _cBNPHU |
||
| 082 |
_a338.17318 _bS471p |
||
| 111 | 2 |
_aSeminario sobre la comercialización del arroz _n(1a. : _d1979 mar. -abr. 28-29-30 : _cJarabacoa ) _914543 |
|
| 245 | 1 | 0 | _aPrimer seminario sobre la comercialización del arroz. |
| 260 |
_aJarabacoa, República Dominicana : _bINESPRE, _c1982. |
||
| 300 |
_a246 p. : _bil. ; _c20 cm. |
||
| 590 | _aInventariado,2018/DG | ||
| 650 | 4 |
_aArroz _xComercialización _xCongresos, conferencias, etc. _914544 |
|
| 650 | 4 |
_aArroz _zRepública Dominicana _xCongresos, conferencias, etc. _914545 |
|
| 710 | 2 |
_aInstituto de Estabilización de Precios (República Dominicana) _914546 |
|
| 910 | _aValidado. Control de calidad MFF | ||
| 999 |
_c4861 _d4861 |
||